| 000 | 00679nam a2200253 a 4500 | ||
|---|---|---|---|
| 999 |
_c12134 _d12134 |
||
| 001 | 12134 | ||
| 003 | BD-JhCC | ||
| 005 | 20220727134023.0 | ||
| 008 | 210318b19592014ii a|||| |||| 001 0 eng d | ||
| 020 | _a9788126508105 | ||
| 035 | _a(BD-JhCC)12134 | ||
| 040 |
_aBD-JhCC _dBD-JhCC |
||
| 041 | _aeng | ||
| 082 |
_a510.2453 _bBOA 2011 |
||
| 100 | _aBoas, Mary L. | ||
| 245 |
_aMathematical Methods in the physical sciences / _cMary L. Boas |
||
| 250 | _a3rd ed. | ||
| 260 |
_aNew Delhi : _bWiley, _c2011 [reprint] |
||
| 300 |
_axvii, 839 p. : _bill. ; _c24 cm. |
||
| 504 | _aIncludes index. | ||
| 650 | _aMathematics | ||
| 650 | _aMathematical physics | ||
| 942 |
_2ddc _cBK _05 |
||